[Event "Bogota Region-ch Amateur"]
[Site "Bogota"]
[Date "2012.03.04"]
[Round "7.17"]
[White "Heredia, Esteban"]
[Black "Rivera, Camilo Ernesto"]
[Result "0-1"]
[WhiteElo "1718"]
[BlackElo "1901"]
[PlyCount "55"]
[EventDate "2012.03.01"]
[EventType "swiss"]
[EventRounds "7"]
[EventCountry "COL"]
[SourceTitle "EXT 2024"]
[Source "ChessBase"]
[SourceDate "2023.10.10"]
[SourceVersion "1"]
[SourceVersionDate "2023.10.10"]
[SourceQuality "1"]

1. d4 Nf6 2. Nf3 e6 3. e3 c5 4. c3 Be7 5. Bd3 b6 6. e4 d5 7. e5 Ne4 8. Nbd2 Bb7 9. 0-0 Nd7 10. Qe2 f5 11. exf6 Ndxf6 12. Bb5+ Kf8 13. Ne5 a6 14. Bd3 cxd4 15. cxd4 g6 16. f4 Kg7 17. g4 Rf8 18. g5 Nh5 19. Nxe4 dxe4 20. Bc4 Nxf4 21. Bxf4 Rxf4 22. Rxf4 Qxd4+ 23. Qf2 Qxe5 24. Rf7+ Kg8 25. h4 Bc5 26. Rd1 Bd5 27. Be2 Bxf2+ 28. Rxf2 0-1

[Event "Bogota Region-ch Amateur"]
[Site "Bogota"]
[Date "2012.03.01"]
[Round "1.20"]
[White "Paniagua, David"]
[Black "Rivera, Camilo Ernesto"]
[Result "1-0"]
[WhiteElo "1912"]
[BlackElo "1901"]
[PlyCount "39"]
[EventDate "2012.03.01"]
[EventType "swiss"]
[EventRounds "7"]
[EventCountry "COL"]
[SourceTitle "EXT 2024"]
[Source "ChessBase"]
[SourceDate "2023.10.10"]
[SourceVersion "1"]
[SourceVersionDate "2023.10.10"]
[SourceQuality "1"]

1. Nf3 Nf6 2. d3 c5 3. Nbd2 d6 4. g3 g6 5. Bg2 Bg7 6. 0-0 0-0 7. c3 Qc7 8. Re1 b5 9. e4 Bb7 10. d4 Nc6 11. dxc5 dxc5 12. e5 Nh5 13. e6 f5 14. Nb3 Na5 15. Nxa5 Qxa5 16. Qd7 Bxf3 17. Bxf3 Rad8 18. Qxe7 Bxc3 19. bxc3 Qxc3 20. Be3 1-0